00434nam a2200169Ia 4500003000400000005001700004008004100021020001500062040000700077041000800084082001600092100003800108245004000146260004600186300002400232365000800256OSt20230505092449.0210423s1992 xx 000 0 und d a8131505421 cAL aeng a543.07 SKOP aSKOOG (Douglas A);LEARY (James J) aPrinciples of instrumental analysis aLondonbSaunders College Publishingc1992 axii,700,ABI,I21bPB cINR